000 00664nam a2200265Ia 4500
005 20260121172707.0
008 008 260114s9999 xx 000 0 eng d
020 _a9783030740023
037 _aEBOOK
040 _aCRL
040 _beng
040 _cCRL
041 _2eng
041 _aeng
084 _qCRL
100 _aLeonardo Caruana de las Cagigas, André Straus
_91091567
245 0 _aRole of Reinsurance in the World
260 _bSpringer
260 _bSpringer
260 _c2021
856 _uhttps://link.springer.com/openurl?genre=book&isbn=978-3-030-74002-3
942 _cEBOOK
999 _c1657307
_d1657307